000 00721nam a2200241Ia 4500
003 GCL
008 140319s9999 xx 000 0 ara d
040 _aGCL /
_cGCL
082 0 4 _a341.48
_bم ت
100 1 _aمحمد سلامة زناتى
245 1 0 _aحقوق الانسان(مدخل تاريخى) /
_cمحمد سلامة زناتى
260 _a[S.N] :
_bالمجالس ،
_c1992
300 _a300 ص
490 _a
650 0 4 _aالقانون
650 0 4 _aالحقوق السياسية
650 0 4 _aحقوق الانسان
650 0 4 _aالحقوق المدنية
650 0 4 _aحق الانتخاب
650 0 4 _aحق الاجتماع
650 0 4 _aالقانون تاريخ
942 _2ddc
_cBK
999 _c55702
_d55702